Abdullah Ansari of Herat (1006-1089 C.E.) : an early sufi master

Bibliographic Details
Main Author: Ravan Farhadi, A. G. (Author)
Format: Book
Published: Richmond, Surrey : Curzon Press , 1996
Subjects:

MARC

LEADER 00000cam a2200000 7i4500
001 0000033612
005 20161208093000.0
020 |a 0700703136 
090 0 0 |a BP188.8.A3   |b F2 1996 
100 0 |a Ravan Farhadi, A. G. ,   |e author 
245 0 0 |a Abdullah Ansari of Herat (1006-1089 C.E.) :   |b an early sufi master   |c A. G. Ravan Farhadi 
260 2 |a Richmond, Surrey :   |b Curzon Press ,   |c 1996 
300 |a xiv, 158 p. ;   |c 22 cm. 
504 |a Includes bibliographical references and index 
600 0 0 |a Ansari al-Harawi, `Abd Allah ibn Muhammad ,   |c 1006-1089 
650 0 |a Sufism 
999 |a 1000067536   |b Book   |c OPEN SHELF (30 DAYS)   |e Gong Badak Campus